<?xml version="1.0" encoding="UTF-8"?>
<record
    xmlns:xsi="http://www.w3.org/2001/XMLSchema-instance"
    xsi:schemaLocation="http://www.loc.gov/MARC21/slim http://www.loc.gov/standards/marcxml/schema/MARC21slim.xsd"
    xmlns="http://www.loc.gov/MARC21/slim">

  <leader>00646nam a22001811a 4500</leader>
  <controlfield tag="001">937685</controlfield>
  <controlfield tag="008">870415s1985    be      |    |||| ||eng||</controlfield>
  <datafield tag="035" ind1=" " ind2=" ">
    <subfield code="9">8790067177</subfield>
  </datafield>
  <datafield tag="100" ind1="1" ind2=" ">
    <subfield code="a">Kuperus, Julianna.</subfield>
  </datafield>
  <datafield tag="245" ind1="1" ind2="4">
    <subfield code="a">The Londo word : its phonological and mo</subfield>
    <subfield code="h">[Text]</subfield>
  </datafield>
  <datafield tag="260" ind1=" " ind2=" ">
    <subfield code="a">Tervuren</subfield>
    <subfield code="b">Mus&#xE9;e royal de l'Afriqu</subfield>
    <subfield code="c">1985</subfield>
  </datafield>
  <datafield tag="300" ind1=" " ind2=" ">
    <subfield code="a">331p ; 27cm.</subfield>
  </datafield>
  <datafield tag="490" ind1="1" ind2=" ">
    <subfield code="a">Ann. / Mus&#xE9;e royal de l'Afrique central</subfield>
    <subfield code="v">v. 119</subfield>
  </datafield>
  <datafield tag="650" ind1=" " ind2="0">
    <subfield code="a">Londo language</subfield>
    <subfield code="x">Word formation.</subfield>
  </datafield>
  <datafield tag="650" ind1=" " ind2="0">
    <subfield code="a">Bantu languages</subfield>
    <subfield code="x">Word formation.</subfield>
  </datafield>
  <datafield tag="651" ind1=" " ind2="0">
    <subfield code="a">Cameroon languages</subfield>
  </datafield>
  <datafield tag="830" ind1=" " ind2="0">
    <subfield code="a">Annales (Mus&#xE9;e royal de l'Afrique centrale).</subfield>
    <subfield code="p">S&#xE9;rie in-8&#x2070;.</subfield>
    <subfield code="p">Sciences humaines ;</subfield>
    <subfield code="v">v. 119.</subfield>
  </datafield>
  <datafield tag="999" ind1=" " ind2=" ">
    <subfield code="c">43643</subfield>
    <subfield code="d">43619</subfield>
  </datafield>
  <datafield tag="952" ind1=" " ind2=" ">
    <subfield code="0">0</subfield>
    <subfield code="1">0</subfield>
    <subfield code="2">lcc</subfield>
    <subfield code="4">0</subfield>
    <subfield code="7">0</subfield>
    <subfield code="8">SPE</subfield>
    <subfield code="a">CPL</subfield>
    <subfield code="b">CPL</subfield>
    <subfield code="c">S</subfield>
    <subfield code="d">2010-02-18</subfield>
    <subfield code="e">Donation- SIL</subfield>
    <subfield code="g">30.00</subfield>
    <subfield code="o">S PL 8465.K87 1985</subfield>
    <subfield code="p">R41328W3232</subfield>
    <subfield code="r">2019-09-26 00:00:00</subfield>
    <subfield code="t">1</subfield>
    <subfield code="w">2010-02-18</subfield>
    <subfield code="y">AFR(S)</subfield>
  </datafield>
</record>
